000 00582nam a2200217Ia 4500
005 20241129104224.0
008 241129s9999||||xx |||||||||||||| ||und||
020 _a9781639895526
037 _aTextual
040 _aRTL
_beng
_cRTL
041 _aeng
_2eng
084 _aY33 R2
_qRTL
100 _aGolding Samuel
_9725290
245 0 _aUrban sociology
_cGolding Samuel
260 _aNew York
_bStates Academic Press
_c2022
300 _aviii,233p.
365 _aINR
_b10364.82
650 _aUrban Sociology
942 _cTB
_hY33 R2
999 _c1224939
_d1224939